|
|
|
|
| LEADER |
00000naa2a2200000 4500 |
| 001 |
458274 |
| 005 |
20231101084957.0 |
| 035 |
|
|
|a (RuTPU)RU\TPU\prd\121938
|
| 035 |
|
|
|a RU\TPU\prd\121937
|
| 090 |
|
|
|a 458274
|
| 100 |
|
|
|a 20111005d2011 k y0rusy50 ca
|
| 101 |
0 |
|
|a rus
|
| 102 |
|
|
|a RU
|
| 135 |
|
|
|a drnn ---uucaa
|
| 181 |
|
0 |
|a i
|
| 182 |
|
0 |
|a b
|
| 200 |
1 |
|
|a Критерий инициирования взрывчатых веществ, претерпевающих плавление коротким лазерным импульсом
|b Электронный ресурс
|f Е. В. Дугинов, А. В. Ханефт
|
| 203 |
|
|
|a Текст
|c электронный
|
| 215 |
|
|
|a 1 файл (583 Кб)
|
| 230 |
|
|
|a Электронные текстовые данные (1 файл : 583 Кб)
|
| 300 |
|
|
|a Заглавие с экрана
|
| 337 |
|
|
|a Adobe Reader
|
| 461 |
|
1 |
|0 (RuTPU)RU\TPU\prd\191
|t Известия вузов. Физика
|d 1958-
|
| 463 |
|
1 |
|0 (RuTPU)RU\TPU\prd\113411
|t Т. 54, № 1/2 : Радиационно-термические эффекты и процессы в неорганических материалах
|o тематический выпуск
|f под ред. А. П. Суржикова
|d 2011
|
| 610 |
1 |
|
|a взрывчатые вещества
|
| 610 |
1 |
|
|a инициирование
|
| 610 |
1 |
|
|a плавление
|
| 610 |
1 |
|
|a лазерные импульсы
|
| 610 |
1 |
|
|a температура
|
| 610 |
1 |
|
|a теплопроводность
|
| 610 |
1 |
|
|a уравнения
|
| 610 |
1 |
|
|a зажигание
|
| 610 |
1 |
|
|a электронный ресурс
|
| 700 |
|
1 |
|a Дугинов
|b Е. В.
|
| 701 |
|
1 |
|a Ханефт
|b А. В.
|c специалист в области теплоэнергетики
|c ведущий инженер Томского политехнического университета, доктор физико-математических наук
|f 1949-
|g Александр Вилливич
|2 stltpush
|3 (RuTPU)RU\TPU\pers\35075
|
| 801 |
|
1 |
|a RU
|b 63413507
|c 20110927
|
| 801 |
|
2 |
|a RU
|b 63413507
|c 20150825
|g RCR
|
| 856 |
4 |
|
|u http://www.lib.tpu.ru/fulltext/v/Conferences/2011/K02/42.pdf
|
| 942 |
|
|
|c BK
|